| 000 | 00705cab a2200253 4500 | ||
|---|---|---|---|
| 001 | ABS60192 | ||
| 008 | 090401t1999 xxu||||| |||| 00| 0 eng d | ||
| 035 | _a(Sirsi) u99720 | ||
| 041 | _aeng | ||
| 100 | _aEade, C. | ||
| 245 | _aOut of service | ||
| 260 | _c1999 | ||
| 350 | _a0 | ||
| 490 |
_aProperty Week _v64(8) 26 February 1999, 32-34(3) |
||
| 520 | _aExplains how tenants can recover service charges paid in error and outlines who should pay for what in a building. | ||
| 650 | _aHOUSE OF LORDS | ||
| 650 | _aLANDLORDS | ||
| 650 | _aOVERPAYMENT | ||
| 650 | _aSERVICE CHARGES | ||
| 690 | _aPROPERTY-LANDLORD AND TENANT | ||
| 700 | _aLewison, K. | ||
| 942 | _n0 | ||
| 948 | _c03/03/1999 | ||
| 999 |
_c59957 _d59957 |
||